ბათუმის შოთა რუსთაველის სახელმწიფო უნივერსიტეტის ბიბლიოთეკა

ახალი და უახლესი ისტორიის საკითხები= Studies in modern and contemporary : (ბიბ.ჩანაწერი № 56887)

000 -ლიდერი
ფიქსირებული სიგრძის საკონტროლო ველი 01604nam a22002057a 4500
003 - საკონტროლო ნომრის იდენტიფიკატორი
საკონტროლო ველი Ge_BSU
005 - ბოლო ოპერაციის თარიღი და დრო
საკონტროლო ველი 20190610150950.0
008 - ფიქსირებული სიგრძის მონაცემთა ელემენტები - ზოგადი ინფორმაცია
ფიქსირებული სიგრძის საკონტროლო ველი 190610s2011 xxu||||| |||| 00| 0 geo d
020 ## - წიგნის საერთაშორისო სტანდარტული ნომერი
International Standard Book Number 15123154
041 ## - ენის კოდი
Language code of text/sound track or separate title geo
080 ## - უნივერსალური ათობითი კლასიფიკაციის ინდექსი
Universal Decimal Classification number 94(100)''15/18''+94(100)''1918... ა-98
245 ## - ცნობა სათაურის შესახებ
Title ახალი და უახლესი ისტორიის საკითხები= Studies in modern and contemporary :
Remainder of title 2011. N 2(10)
Statement of responsibility, etc ივანე ჯავახიშვილის სახელობის თბილისის სახელმწიფო უნივერსიტეტი ; ივანე ჯავახიშვილის ისტორიისა და ეთნოლოგიის ინსტიტუტი ; რედაქტორი: ავთანდილ სონღულაშვილი.
264 ## - წარმოების, გამოცემის, დისტრიბუციის და სხვა ცნობები
გამოცემის, წარმოების, დისტრიბუციის... ადგილი თბილისი :
გამოცემის, წარმოების, დისტრიბუციის... სახელწოდება უნივერსალი,
გამოცემის, წარმოების, დისტრიბუციის... თარიღი 2011.
300 ## - ფიზიკური აღწერა
Extent 455 გვ.
Other physical details 21სმ.
500 ## - ზოგადი შენიშვნა
General note პარალელური თავფურცელი ინგლისურ ენაზე
653 ## - INDEX TERM--UNCONTROLLED
Uncontrolled term ისტორია
700 ## - ADDED ENTRY--PERSONAL NAME
Personal name სონღულაშვილი, ავთანდილ
Relator term რედაქტორი
9 (RLIN) 2321
710 ## - ADDED ENTRY--CORPORATE NAME
Corporate name or jurisdiction name as entry element თბილისის სახელმწიფო უნივერსიტეტი, ივანე ჯავახიშვილის სახელობის
Subordinate unit ივანე ჯავახიშვილის ისტორიისა და ეთნოლოგიის ინსტიტუტი.
9 (RLIN) 2322
942 ## - ADDED ENTRY ELEMENTS (KOHA)
Source of classification or shelving scheme
Koha item type წიგნი
ეგზემპლარები
ჩამოწერის სტატუსი დაკარგული ეგზემპლარის სტატუსი კლასიფიკაციის წყარო ან თაროზე გაწყობის სქემა დაზიანების სტატუსი არ გაიცემა მუდმივი მდებარეობა (დაცვის ადგილი) ამჟამინდელი ადგილსამყოფელი თაროზე განთავსების ადგილი შეძენის თარიღი ღირებულება, შესყიდვის ნორმალური ფასი სრული შენახვის შიფრი შტრიხკოდი ბოლო ოპერაციის თარიღი ეგზემპლარის მიმდევრობითი ნომერი (კეტერი?) ფასის ძალაში შესვლის თარიღი ეგზემპლარის სახეობა საჯარო შენიშვნა
          ბათუმის შოთა რუსთაველის სახელმწიფო უნივერსიტეტის მთავარი ბიბლიოთეკა ბათუმის შოთა რუსთაველის სახელმწიფო უნივერსიტეტის მთავარი ბიბლიოთეკა წიგნსაცავი 2019-06-10 12.00 94(100)''15/18''+94(100)''1918... ა-98 4750 2019-06-10 4750 2019-06-10 წიგნი 12 ლ.